[Event "Wch U18 Girls"]
[Site "Khanty-Mansiysk"]
[Date "2016.10.02"]
[Round "10"]
[White "Fiadosenka, Rahneda"]
[Black "Uktamova, Marjona"]
[Result "1-0"]
[WhiteElo "2059"]
[BlackElo "1542"]
[PlyCount "133"]
[EventDate "2016.09.22"]
[EventType "swiss"]
[EventRounds "11"]
[EventCountry "RUS"]
[SourceTitle "EXT 2017"]
[Source "ChessBase"]
[SourceDate "2016.10.25"]
[SourceVersion "1"]
[SourceVersionDate "2016.10.25"]
[SourceQuality "1"]

1. Nf3 Nf6 2. g3 g6 3. Bg2 Bg7 4. 0-0 0-0 5. d3 c6 6. e4 d6 7. Nc3 Bd7 8. d4 Qc8 9. Re1 Rd8 10. Qe2 Bg4 11. Bg5 h6 12. Bxf6 Bxf6 13. Qe3 Bg7 14. e5 dxe5 15. Nxe5 Be6 16. Nxg6 fxg6 17. Qxe6+ Qxe6 18. Rxe6 Bf6 19. Ne2 Kf7 20. Re4 Nd7 21. Bh3 Nf8 22. c3 Rab8 23. Nf4 Rd6 24. Rae1 b6 25. Nd3 Rbd8 26. Ne5+ Bxe5 27. Rxe5 e6 28. f4 R8d7 29. a4 a5 30. g4 Re7 31. f5 g5 32. Bf1 Rd5 33. R5e4 Rd6 34. Bc4 Kf6 35. Kf2 Re8 36. b3 Re7 37. Kf3 h5 38. Bxe6 hxg4+ 39. Kxg4 Rh7 40. Kg3 Nxe6 41. Rxe6+ Rxe6 42. fxe6 Ke7 43. Re5 g4 44. c4 Rh3+ 45. Kxg4 Rxh2 46. d5 cxd5 47. cxd5 Rh8 48. Kf4 Rh4+ 49. Kg5 Rd4 50. Rf5 Kd6 51. Kf6 Re4 52. Kf7 Re3 53. Rf6 Re2 54. e7+ Kd7 55. Re6 Rf2+ 56. Kg6 Ke8 57. d6 Rd2 58. Rf6 Rg2+ 59. Kf5 Rf2+ 60. Ke5 Re2+ 61. Kd5 Kd7 62. e8Q+ Rxe8 63. Rf7+ Kd8 64. Kc6 Rh8 65. Ra7 Ke8 66. Ra8+ Kf7 67. Rxh8 1-0

[Event "Wch U18 Girls"]
[Site "Khanty-Mansiysk"]
[Date "2016.09.26"]
[Round "5"]
[White "Uktamova, Marjona"]
[Black "Fuentes Godoy, Lilia Ivonne"]
[Result "0-1"]
[WhiteElo "1542"]
[BlackElo "2142"]
[PlyCount "122"]
[EventDate "2016.09.22"]
[EventType "swiss"]
[EventRounds "11"]
[EventCountry "RUS"]
[SourceTitle "EXT 2017"]
[Source "ChessBase"]
[SourceDate "2016.10.25"]
[SourceVersion "1"]
[SourceVersionDate "2016.10.25"]
[SourceQuality "1"]

1. e4 c5 2. Nc3 Nc6 3. g3 g6 4. Bg2 Bg7 5. d3 d6 6. Nge2 e6 7. 0-0 Nge7 8. Be3 Nd4 9. Qd2 Rb8 10. a4 0-0 11. Nd1 Nec6 12. Nxd4 Nxd4 13. Rb1 a6 14. c3 Nb3 15. Qc2 Qb6 16. a5 Qb5 17. f4 Nxa5 18. b4 cxb4 19. Rxb4 Qd7 20. f5 Nc6 21. Rb6 Qd8 22. fxe6 Bxe6 23. Qb2 Ne5 24. Nf2 Qc7 25. Bd4 Rfc8 26. Rb1 a5 27. Rxb7 Rxb7 28. Qxb7 Qxb7 29. Rxb7 Ra8 30. Bxe5 dxe5 31. Bh3 f5 32. c4 a4 33. Rb1 Bf8 34. Kf1 Bc5 35. Ra1 a3 36. Nd1 Bd4 37. Ra2 Kg7 38. Ke2 Kf6 39. Bg2 Ra4 40. Kd2 f4 41. Kc2 g5 42. Kb3 Ra6 43. Nc3 Bg4 44. Bf1 Rb6+ 45. Nb5 Bb2 46. Kc2 fxg3 47. hxg3 Ra6 48. Nc7 Ra7 49. Nd5+ Kg7 50. Rxb2 axb2 51. Kxb2 Rf7 52. Ne3 h5 53. Kc3 Rf3 54. Nxg4 hxg4 55. Be2 Rxg3 56. Kd2 Rg1 57. Ke3 g3 58. c5 g2 59. Kf2 Re1 60. Kxe1 g1Q+ 61. Kd2 Qxc5 0-1

[Event "Wch U18 Girls"]
[Site "Khanty-Mansiysk"]
[Date "2016.09.25"]
[Round "4"]
[White "Mahalakshmi, Muganda Kumar"]
[Black "Uktamova, Marjona"]
[Result "1-0"]
[WhiteElo "2221"]
[BlackElo "1542"]
[PlyCount "71"]
[EventDate "2016.09.22"]
[EventType "swiss"]
[EventRounds "11"]
[EventCountry "RUS"]
[SourceTitle "EXT 2017"]
[Source "ChessBase"]
[SourceDate "2016.10.25"]
[SourceVersion "1"]
[SourceVersionDate "2016.10.25"]
[SourceQuality "1"]

1. Nf3 d5 2. g3 g6 3. Bg2 Bg7 4. 0-0 Nf6 5. d4 0-0 6. c4 c6 7. Nc3 Nbd7 8. cxd5 Nxd5 9. Nxd5 cxd5 10. Bf4 Nb6 11. Rc1 Nc4 12. b3 Nd6 13. Ne5 Be6 14. Nd3 Rc8 15. Nc5 Bf5 16. Bxd5 b6 17. Nb7 Nxb7 18. Bxb7 Rxc1 19. Qxc1 Qxd4 20. Rd1 Qb4 21. Qc7 Qa5 22. Rd2 e5 23. Be3 Be6 24. Kg2 h6 25. Qe7 Kh7 26. h4 Qb5 27. h5 Re8 28. hxg6+ fxg6 29. Qc7 e4 30. Bc6 Bh3+ 31. Kxh3 Qh5+ 32. Kg2 Rf8 33. Rd7 Rg8 34. Bd4 Qxe2 35. Rxg7+ Rxg7 36. Qxg7# 1-0